Crónica de una muerte anunciada / (Registro nro. 7201)

000 -CABECERA
campo de control de longitud fija 01895nam a2200277 a 4500
001 - NÚMERO DE CONTROL
campo de control 000057943
005 - FECHA Y HORA DE LA ÚLTIMA TRANSACCIÓN
campo de control 20200120223829.0
008 - DATOS DE LONGITUD FIJA--INFORMACIÓN GENERAL
campo de control de longitud fija 090707s2012 ck gr| 0 0 | spa d
020 ## - NÚMERO INTERNACIONAL ESTÁNDAR DEL LIBRO
Número Internacional Estándar del Libro 9789585710320
041 0# - CÓDIGO DE LENGUA
Código de lengua del texto/banda sonora o título independiente |spa
043 ## - CÓDIGO DE ÁREA GEOGRÁFICA
Código de área geográfica s-ck---
090 ## - LOCALMENTE ASIGNADO TIPO-LC NÚMERO DE CLASIFICACIÓN (OCLC); NÚMERO DE CLASIFICACIÓN LOCAL (RLIN)
Número de clasificación (OCLC) (R) ; Numero de clasificación, CALL (RLIN) (NR) AN
Número cutter local (OCLC) ; Número de libro/Signatura topográfica íntegra, CALL (RLIN) GARcr 2012
100 0# - ENTRADA PRINCIPAL--NOMBRE DE PERSONA
Nombre de persona García Márquez, Gabriel
245 10 - MENCIÓN DE TÍTULO
Título Crónica de una muerte anunciada /
Mención de responsabilidad, etc. Gabriel García Márquez.
250 ## - MENCIÓN DE EDICIÓN
Mención de edición 1a. ed.
260 ## - PUBLICACIÓN, DISTRIBUCIÓN, ETC.
Lugar de publicación, distribución, etc. Bogotá :
Nombre del editor, distribuidor, etc. Norma,
Fecha de publicación, distribución, etc. 2012.
300 ## - DESCRIPCIÓN FÍSICA
Extensión 91 p.
490 ## - MENCIÓN DE SERIE
Mención de serie Gabriel García Márquez Para Todos
500 ## - NOTA GENERAL
Nota general Ej.1 Biblioteca Chicalá. Norma 2012
520 3# - SUMARIO, ETC.
Sumario, etc. "Acaso sea Crónica de una muerte anunciada la obra más «realista» de Gabriel García Márquez, pues se basa en un hecho histórico acontecido en la tierra natal de escritor. Cuando empieza la novela, ya se saber que los hermanos Vicario van a matara a Santiago Nasar -de hecho ya le han matado- para vengar el honor ultrajado de su hermana Ángela, pero el relato termina precisamente en el momento en que Santiago Nasar. El tiempo cíclico, tan utilizado por García Márquez en sus obras, reaparece aquí minuciosamente descompuesto en cada uno de sus momentos, reconstruido prolija y exactamente por el narrador, que va dando cuenta de lo que sucedió mucho tiempo atrás, que avanza y retrocede en su relato y hasta llega mucho tiempo después para contar el destino de los supervivientes. La acción es, a un tiempo, colectiva y personal, clara y ambigua, y atrapa al lector desde un principio, a pesar de que conoce el desenlace de la trama. La dialéctica entre mito y realidad se ve potenciada aquí, una vez más, por una prosa tan cargada de fascinación que las eleva hasta las fronteras de la leyenda."
650 14 - PUNTO DE ACCESO ADICIONAL DE MATERIA--TÉRMINO DE MATERIA
Término de materia o nombre geográfico como elemento de entrada Novela adulto
650 24 - PUNTO DE ACCESO ADICIONAL DE MATERIA--TÉRMINO DE MATERIA
Término de materia o nombre geográfico como elemento de entrada Literatura adulto
650 24 - PUNTO DE ACCESO ADICIONAL DE MATERIA--TÉRMINO DE MATERIA
Término de materia o nombre geográfico como elemento de entrada Literatura colombiana
650 24 - PUNTO DE ACCESO ADICIONAL DE MATERIA--TÉRMINO DE MATERIA
Término de materia o nombre geográfico como elemento de entrada Muerte en la literatura
650 24 - PUNTO DE ACCESO ADICIONAL DE MATERIA--TÉRMINO DE MATERIA
Término de materia o nombre geográfico como elemento de entrada Asesinato en la literatura
Existencias
Estado de retiro Estado de pérdida Fuente del sistema de clasificación o colocación Estado dañado No para préstamo Código de colección Localización permanente Ubicación/localización actual Fecha de adquisición Número de inventario Total de préstamos Signatura topográfica completa Código de barras Fecha visto por última vez Fecha del último préstamo Número de copia Precio válido a partir de Tipo de ítem Koha Nota pública
  Perdido       Literatura Adulto Biblioteca Pública San Juan Bosco Biblioteca Pública San Juan Bosco 20/01/2020 118601 1 AN GARcr 2012 MOS012732 24/02/2021 24/02/2021 ej.2 20/01/2020 Libro Literatura Quince días
          Literatura Adulto Sede: La Armonía de Usca Sede: La Armonía de Usca 20/01/2020     AN GARc MUS000318 12/05/2021   ej.1 20/01/2020 Libro Literatura Quince días

© Todos los derechos reservados para la Biblioteca Pública Municipal San Juan Bosco, 2020
Secretaria de Cultura de Mosquera
Carrera 3 N° 10 Esquina Centro Cultural Barrio El Carmén Teléfono: 8270830 Ext: 34
Funcionando con KOHA
Contacto: Biblioteca Pública Municipal San Juan Bosco/ bibliotecasanjuanbosco@mosquera-cundinamarca.gov.co
Mosquera, Cundinamarca